Neobyčajne vydarený debut Nad knižkou Jozefa Heribana Niekto na mňa stále píska

Bibliographic Details
Main Authors: Holka, Peter, 1950- (Author), Heriban, Jozef, 1953- (Author)
Format: Article
Language:Slovak
Subjects:

MARC

LEADER 00000nab a2200000 a 4500
001 vtls000574192
003 SK-MaSNL
005 20260303013053.0
008 160203c1996 xo 0 slo
015 |a SNBRB19rr/mm-uuuuu 
035 |a CL0574330 
040 |a SNKBUCL  |b slo  |c SNKBUCL  |e AACR2 
041 0 |a slo 
044 |a xo  |c SK 
080 |a 82.09:885.4-3(048)  |2 1981 
080 |a 885.4-3(048)  |2 1981 
100 1 |a Holka, Peter,  |d 1950-  |4 aut  |9 85921 
245 1 0 |a Neobyčajne vydarený debut  |b Nad knižkou Jozefa Heribana Niekto na mňa stále píska  |c Peter Holka 
500 |a Nesprávne číslovanie. Má byť č. 36 
650 0 7 |a novely psychologické  |2 snkbucl  |9 898706 
655 7 |a články z novín a časopisov  |2 snkbucl  |9 267496 
655 7 |a články z odboru literárna veda a krásna literatúra  |2 snkbucl  |9 770045 
700 1 |a Heriban, Jozef,  |d 1953-  |4 aut  |9 119111 
773 0 |t Pravda  |g Roč. 6, č. 35 (13. 2. 1996), s. 7 
787 0 8 |i Rec.:  |a Heriban, Jozef, 1953-  |t Niekto na mňa stále píska  |d Bratislava : HERIAS, 1996 
850 |a Slovenská národná knižnica v Martine  |a MTA001 
852 |a SNK  |b KIS3GCP 
958 |a RK 
958 |a LX 
958 |a SK 
992 |a RBX 
999 |c 1600564  |d 1602494